[Event "MCRE_KT19"]
[Site "?"]
[Date "2006.??.??"]
[Round "?"]
[White "Stastny, Pavel"]
[Black "Krejci, Jan"]
[Result "0-1"]
[WhiteElo "2043"]
[BlackElo "1969"]
[PlyCount "23"]
[EventDate "2006.??.??"]
[EventType "corr"]
[EventRounds "2"]
[SourceDate "2007.07.09"]

1. e4 c5 2. Nf3 a6 3. c3 d6 4. d4 Nd7 5. Bd3 b5 6. O-O Bb7 7. Bf4 c4 8. Bc2 e6
9. Nbd2 Ngf6 10. Qe2 Qc7 11. Rae1 Be7 12. e5 0-1

[Event "MCRE_KT19"]
[Site "?"]
[Date "2006.??.??"]
[Round "?"]
[White "Krejci, Jan"]
[Black "Stastny, Pavel"]
[Result "1-0"]
[WhiteElo "1969"]
[BlackElo "2043"]
[PlyCount "24"]
[EventDate "2006.??.??"]
[EventType "corr"]
[EventRounds "2"]
[SourceDate "2007.07.09"]

1. c4 e5 2. Nc3 Nf6 3. Nf3 Nc6 4. g3 Bc5 5. Bg2 d6 6. O-O O-O 7. d3 h6 8. a3 a5
9. Nd2 Bg4 10. Nb3 Bb6 11. Na4 Ba7 12. Qc2 Qd7 1-0

[Event "MCRE_KT19"]
[Site "?"]
[Date "2006.??.??"]
[Round "?"]
[White "Tyrlik, Jaroslav"]
[Black "Stastny, Pavel"]
[Result "1-0"]
[WhiteElo "1993"]
[BlackElo "2043"]
[PlyCount "29"]
[EventDate "2006.??.??"]
[EventType "corr"]
[EventRounds "2"]
[SourceDate "2007.07.09"]

1. d4 Nf6 2. c4 e6 3. Nf3 b6 4. e3 Bb7 5. Bd3 d5 6. cxd5 exd5 7. Nc3 Bd6 8.
Qa4+ Nbd7 9. Nb5 Be7 10. Qc2 c5 11. O-O O-O 12. Nc3 a6 13. b3 Qc7 14. Bf5 g6
15. Bh3 1-0

[Event "MCRE_KT19"]
[Site "?"]
[Date "2006.??.??"]
[Round "?"]
[White "Stastny, Pavel"]
[Black "Tyrlik, Jaroslav"]
[Result "0-1"]
[WhiteElo "2043"]
[BlackElo "1993"]
[PlyCount "34"]
[EventDate "2006.??.??"]
[EventType "corr"]
[EventRounds "2"]
[SourceDate "2007.07.09"]

1. e4 e6 2. d4 d5 3. Nd2 c5 4. exd5 Qxd5 5. Ngf3 cxd4 6. Bc4 Qc5 7. Qe2 Nc6 8.
Nb3 Qb4+ 9. Bd2 Qb6 10. O-O Bd6 11. Rad1 Nge7 12. c3 O-O 13. Bg5 Qc7 14. Nbxd4
Nxd4 15. Nxd4 a6 16. Bxe7 Bxe7 17. Rfe1 Rd8 0-1

[Event "MCRE_KT19"]
[Site "?"]
[Date "2006.??.??"]
[Round "?"]
[White "Cernovsky, Karel"]
[Black "Tyrlik, Jaroslav"]
[Result "1-0"]
[WhiteElo "1600"]
[BlackElo "1993"]
[PlyCount "57"]
[EventDate "2006.??.??"]
[EventType "corr"]
[EventRounds "2"]
[SourceDate "2007.07.09"]

1. e4 e6 2. d4 d5 3. exd5 exd5 4. Nf3 Bd6 5. Bd3 Nf6 6. Qe2+ Be7 7. O-O O-O 8.
Re1 Re8 9. Bg5 Nbd7 10. Nbd2 a5 11. c3 h6 12. Bh4 Bd6 13. Qf1 a4 14. Rxe8+ Qxe8
15. Re1 Qf8 16. Ne5 c5 17. Nxd7 Nxd7 18. Bc2 c4 19. Nf3 b5 20. a3 Rb8 21. Re3
Bb7 22. Qe2 Qc8 23. Ne5 Nxe5 24. dxe5 Bc5 25. Rg3 Kf8 26. Qh5 Qe6 27. Rxg7 Kxg7
28. Bf6+ Kf8 29. Bf5 1-0

[Event "MCRE_KT19"]
[Site "?"]
[Date "2006.??.??"]
[Round "?"]
[White "Tyrlik, Jaroslav"]
[Black "Cernovsky, Karel"]
[Result "0-1"]
[WhiteElo "1993"]
[BlackElo "1600"]
[PlyCount "54"]
[EventDate "2006.??.??"]
[EventType "corr"]
[EventRounds "2"]
[SourceDate "2007.07.09"]

1. d4 Nf6 2. c4 c5 3. Nf3 cxd4 4. Nxd4 e5 5. Nb5 d5 6. cxd5 Bc5 7. d6 O-O 8.
Nc7 Ne4 9. e3 Bb4+ 10. Bd2 Qh4 11. Qf3 Nxd2 12. Nxd2 Bxd2+ 13. Kxd2 Qb4+ 14.
Kc2 Qc5+ 15. Kb1 Qxd6 16. Nd5 Nc6 17. Bc4 Qg6+ 18. e4 Bg4 19. Qe3 Be6 20. Re1
Rac8 21. Qg3 Qh6 22. Qe3 Qxh2 23. g3 Kh8 24. b3 f5 25. Nb6 Rce8 26. Bxe6 Rxe6
27. Nd7 f4 0-1

[Event "MCRE_KT19"]
[Site "?"]
[Date "2006.??.??"]
[Round "?"]
[White "Tyrlik, Jaroslav"]
[Black "Slechta, Vladimir"]
[Result "1-0"]
[WhiteElo "1993"]
[BlackElo "1994"]
[PlyCount "79"]
[EventDate "2006.??.??"]
[EventType "corr"]
[EventRounds "2"]
[SourceDate "2007.07.09"]

1. d4 Nf6 2. Nf3 e6 3. Bg5 h6 4. Bxf6 Qxf6 5. e4 Nc6 6. e5 Qe7 7. c3 d6 8. exd6
Qxd6 9. Nbd2 Bd7 10. Bd3 O-O-O 11. b4 Qf4 12. b5 Nb8 13. Rb1 Be8 14. Qa4 a6 15.
O-O b6 16. Rfe1 h5 17. c4 g5 18. g3 Qf6 19. Rec1 Rxd4 20. Nxd4 Qxd4 21. Qc2 h4
22. Nb3 Qe5 23. Re1 Qf6 24. c5 Bxb5 25. cxb6 c6 26. Bxb5 axb5 27. Re4 hxg3 28.
fxg3 Qd8 29. Qf2 Rh7 30. a4 Qd3 31. Ree1 b4 32. Red1 Qf5 33. Qd4 Kb7 34. Rbc1
f6 35. Qc4 Qe5 36. Rd8 Bd6 37. Rxd6 Qxd6 38. Nc5+ Kc8 39. a5 Nd7 40. Qa6+ 1-0

[Event "MCRE_KT19"]
[Site "?"]
[Date "2006.??.??"]
[Round "?"]
[White "Cernovsky, Karel"]
[Black "Krejci, Jan"]
[Result "1-0"]
[WhiteElo "1600"]
[BlackElo "1969"]
[PlyCount "29"]
[EventDate "2006.??.??"]
[EventType "corr"]
[EventRounds "2"]
[SourceDate "2007.07.09"]

1. e4 e6 2. d4 d5 3. exd5 exd5 4. Nf3 Bd6 5. Bd3 Nc6 6. Qe2+ Nge7 7. c3 Bg4 8.
h3 Bh5 9. Na3 a6 10. Nc2 O-O 11. Bxh7+ Kh8 12. g4 Bg6 13. Bxg6 Nxg6 14. h4 Re8
15. Be3 1-0

[Event "MCRE_KT19"]
[Site "?"]
[Date "2006.??.??"]
[Round "?"]
[White "Krejci, Jan"]
[Black "Cernovsky, Karel"]
[Result "0-1"]
[WhiteElo "1969"]
[BlackElo "1600"]
[PlyCount "26"]
[EventDate "2006.??.??"]
[EventType "corr"]
[EventRounds "2"]
[SourceDate "2007.07.09"]

1. c4 e5 2. Nc3 Nf6 3. Nf3 Nc6 4. g3 Bc5 5. Bg2 d6 6. O-O O-O 7. d3 h6 8. a3 a6
9. b4 Ba7 10. Bb2 Be6 11. Rc1 Qd7 12. Nd2 Bh3 13. e3 Bxg2 0-1

[Event "MCRE_KT19"]
[Site "?"]
[Date "2006.??.??"]
[Round "?"]
[White "Tyrlik, Jaroslav"]
[Black "Krejci, Jan"]
[Result "1-0"]
[WhiteElo "1993"]
[BlackElo "1969"]
[PlyCount "23"]
[EventDate "2006.??.??"]
[EventType "corr"]
[EventRounds "2"]
[SourceDate "2007.07.09"]

1. d4 Nf6 2. Nf3 d6 3. Nc3 g6 4. e4 Bg7 5. Bf4 O-O 6. Qd2 Nc6 7. O-O-O Bg4 8.
Qe3 Qc8 9. h3 Bxf3 10. gxf3 Nxd4 11. Qxd4 e5 12. Qc4 1-0

[Event "MCRE_KT19"]
[Site "?"]
[Date "2006.??.??"]
[Round "?"]
[White "Krejci, Jan"]
[Black "Tyrlik, Jaroslav"]
[Result "0-1"]
[WhiteElo "1969"]
[BlackElo "1993"]
[PlyCount "20"]
[EventDate "2006.??.??"]
[EventType "corr"]
[EventRounds "2"]
[SourceDate "2007.07.09"]

1. e4 e5 2. Nc3 Nc6 3. Nf3 Nf6 4. g3 d5 5. exd5 Nxd5 6. Bg2 Be6 7. d3 Be7 8. d4
Bb4 9. Bd2 exd4 10. Nb5 Bc5 0-1

[Event "MCRE_KT19"]
[Site "?"]
[Date "2006.??.??"]
[Round "?"]
[White "Cipka, Ivan"]
[Black "Tyrlik, Jaroslav"]
[Result "1-0"]
[WhiteElo "2000"]
[BlackElo "1993"]
[PlyCount "97"]
[EventDate "2006.??.??"]
[EventType "corr"]
[EventRounds "2"]
[SourceDate "2007.07.09"]

1. e4 e6 2. d4 d5 3. Nc3 Nf6 4. e5 Nfd7 5. f4 c5 6. Nf3 Nc6 7. Be3 c4 8. Be2
Ne7 9. O-O Nf5 10. Bc1 a6 11. Qd2 Qa5 12. g4 Ne7 13. f5 exf5 14. gxf5 Nxf5 15.
Ng5 Nb6 16. Nxf7 Kxf7 17. Qg5 Ke8 18. Rxf5 Be6 19. Rxf8+ Rxf8 20. Qxg7 Rg8 21.
Bh5+ Kd8 22. Bg5+ Kc8 23. Qe7 Kb8 24. h4 Bd7 25. Bf7 Rc8 26. Nxd5 Nxd5 27. Qxd7
Nb6 28. Qf5 Ka7 29. Qxh7 Qb5 30. Qe4 Qxb2 31. Rf1 c3 32. Bb3 Qa3 33. d5 Rg8 34.
Kh2 Rxg5 35. hxg5 Qe7 36. Rf6 Rh8+ 37. Kg2 Re8 38. g6 Qxe5 39. Qxe5 Rxe5 40. d6
Rg5+ 41. Kf3 Rg1 42. Ke4 Rg2 43. Kf5 a5 44. a4 Rf2+ 45. Ke6 Rg2 46. Kf7 Nd7 47.
Rf5 Rg1 48. Be6 Kb8 49. g7 1-0

[Event "MCRE_KT19"]
[Site "?"]
[Date "2006.??.??"]
[Round "?"]
[White "Slechta, Vladimir"]
[Black "Cipka, Ivan"]
[Result "1-0"]
[WhiteElo "2043"]
[BlackElo "2000"]
[PlyCount "51"]
[EventDate "2006.??.??"]
[EventType "corr"]
[EventRounds "2"]
[SourceDate "2007.07.09"]

1. d4 d5 2. c4 dxc4 3. e4 b5 4. a4 c6 5. Nc3 Bd7 6. Nf3 e6 7. axb5 cxb5 8. b3
b4 9. Na4 cxb3 10. Qxb3 Bc6 11. Bd3 Nf6 12. Bg5 Be7 13. Bxf6 gxf6 14. O-O f5
15. Ne5 O-O 16. exf5 Qd5 17. Qxd5 Bxd5 18. fxe6 fxe6 19. Rfc1 Bd6 20. Bb5 Rf4
21. Rc8+ Kg7 22. Nc4 a6 23. Nxd6 axb5 24. Nxb5 Bc6 25. Nc7 Rxa4 26. Rxa4 1-0

[Event "MCRE_KT19"]
[Site "?"]
[Date "2006.??.??"]
[Round "?"]
[White "Cernovsky, Karel"]
[Black "Slechta, Vladimir"]
[Result "1-0"]
[WhiteElo "1600"]
[BlackElo "1994"]
[PlyCount "89"]
[EventDate "2006.??.??"]
[EventType "corr"]
[EventRounds "2"]
[SourceDate "2007.07.09"]

1. e4 e5 2. Nf3 Nf6 3. Nxe5 d6 4. Nf3 Nxe4 5. d4 d5 6. Bd3 Bd6 7. O-O O-O 8. c4
c6 9. Re1 Bf5 10. Nc3 Nxc3 11. bxc3 Bxd3 12. Qxd3 dxc4 13. Qxc4 Nd7 14. Bg5 Qc7
15. Qe2 Nb6 16. c4 c5 17. d5 h6 18. Be3 Rfe8 19. Qc2 Nd7 20. Rab1 Re7 21. Bd2
Rae8 22. Rxe7 Rxe7 23. g3 Nf6 24. Nh4 Re8 25. Nf5 Be5 26. Qd3 b6 27. a4 Qd7 28.
a5 bxa5 29. Rb5 a4 30. Rxc5 Rb8 31. Ne3 Rb3 32. Qc2 Rb2 33. Qd3 Rb3 34. Qc2 Qb7
35. Qf5 Nd7 36. Ra5 Ra3 37. c5 Qc7 38. c6 Nb6 39. Rxa7 Qxa7 40. Qxe5 f6 41.
Qe8+ Kh7 42. d6 Rb3 43. c7 a3 44. d7 Qxc7 45. d8=Q 1-0

[Event "MCRE_KT19"]
[Site "?"]
[Date "2006.??.??"]
[Round "?"]
[White "Slechta, Vladimir"]
[Black "Cernovsky, Karel"]
[Result "1/2-1/2"]
[WhiteElo "2043"]
[BlackElo "1600"]
[PlyCount "98"]
[EventDate "2006.??.??"]
[EventType "corr"]
[EventRounds "2"]
[SourceDate "2007.07.09"]

1. d4 Nf6 2. c4 c5 3. d5 d6 4. Nc3 g6 5. e4 Bg7 6. Be2 O-O 7. Nf3 Nbd7 8. O-O
a6 9. Re1 b6 10. Qc2 Qc7 11. h3 h6 12. Bd2 Re8 13. Rac1 Nf8 14. Bf4 e5 15. dxe6
Nxe6 16. Bg3 Nd4 17. Nxd4 cxd4 18. Nd5 Nxd5 19. exd5 Bf5 20. Bd3 Bxd3 21. Qxd3
Qc5 22. Qd2 Rxe1+ 23. Qxe1 a5 24. b3 Qa3 25. Qd2 a4 26. b4 Rd8 27. Bf4 d3 28.
Be3 Re8 29. Kf1 Re4 30. g3 Bb2 31. Rb1 Bd4 32. Bxd4 Rxd4 33. Rc1 Kg7 34. h4 b5
35. cxb5 Qxb4 36. Qxb4 Rxb4 37. Rd1 Kf6 38. Rxd3 Ke5 39. Ra3 Kxd5 40. Rf3 Rxb5
41. Rf4 a3 42. Ra4 Rb7 43. Rxa3 Re7 44. g4 Kc5 45. h5 d5 46. Rc3+ Kd6 47. hxg6
fxg6 48. Rh3 d4 49. f4 Rf7 1/2-1/2

[Event "MCRE_KT19"]
[Site "?"]
[Date "2006.??.??"]
[Round "?"]
[White "Slechta, Vladimir"]
[Black "Tyrlik, Jaroslav"]
[Result "0-1"]
[WhiteElo "1994"]
[BlackElo "1993"]
[PlyCount "160"]
[EventDate "2006.??.??"]
[EventType "corr"]
[EventRounds "2"]
[SourceDate "2007.07.09"]

1. d4 d5 2. c4 e6 3. Nf3 Nf6 4. Nc3 Nbd7 5. cxd5 exd5 6. Bf4 c6 7. Qc2 Nh5 8.
Bd2 Nhf6 9. e3 Bd6 10. Bd3 O-O 11. O-O Nb6 12. h3 Re8 13. Rfe1 h6 14. Rac1 Qe7
15. e4 dxe4 16. Nxe4 Nxe4 17. Rxe4 Be6 18. Rce1 Qf6 19. Ne5 Nd5 20. Ng4 Qe7 21.
f4 Qc7 22. f5 Bd7 23. Rxe8+ Rxe8 24. Rxe8+ Bxe8 25. f6 h5 26. Bh7+ Kh8 27.
fxg7+ Kxg7 28. Nf2 Qb6 29. Bc3 Qa6 30. a4 Nxc3 31. bxc3 Qa5 32. Bd3 Bd7 33. Ne4
Be7 34. Qe2 h4 35. Bc2 Qd5 36. Qe3 Qe6 37. Qf4 b6 38. Nd2 Qd6 39. Qe3 Be6 40.
g4 c5 41. Qd3 Kf8 42. Ne4 Qd5 43. Qe3 cxd4 44. cxd4 Qc4 45. Qd3 Qxd3 46. Bxd3
f5 47. gxf5 Bxf5 48. Kg2 Bf6 49. d5 Ke7 50. Kh2 Be5+ 51. Kg2 a6 52. d6+ Bxd6
53. Nxd6 Bxd3 54. Nc8+ Kd7 55. Nxb6+ Kc6 56. Nc8 Kc5 57. Kf3 Kb4 58. Ke3 Bf1
59. Ne7 Kxa4 60. Kd2 Kb3 61. Ng6 Kb2 62. Nxh4 a5 63. Nf5 a4 64. Ne3 a3 65. Nd1+
Kb3 66. Nc3 Kc4 67. Kc1 Bd3 68. Ne2 Be4 69. Ng3 Bg6 70. Ne2 Bd3 71. h4 Bg6 72.
Ng3 Bh7 73. h5 Bd3 74. Ne2 Bf5 75. Ng3 Bh7 76. Ne2 Bd3 77. h6 Bf5 78. Ng3 Bg6
79. Ne2 Bd3 80. Nf4 Kb3 0-1

[Event "MCRE_KT19"]
[Site "?"]
[Date "2006.??.??"]
[Round "?"]
[White "Tyrlik, Jaroslav"]
[Black "Cipka, Ivan"]
[Result "1/2-1/2"]
[WhiteElo "1993"]
[BlackElo "2000"]
[PlyCount "132"]
[EventDate "2006.??.??"]
[EventType "corr"]
[EventRounds "2"]
[SourceDate "2007.07.09"]

1. d4 d5 2. Nf3 Nf6 3. e3 c5 4. dxc5 e6 5. c4 Bxc5 6. cxd5 Qxd5 7. Qxd5 Nxd5 8.
a3 Nd7 9. b4 Be7 10. Bb2 a5 11. bxa5 O-O 12. e4 N5f6 13. Nbd2 Nc5 14. e5 Nd5
15. Nd4 Rxa5 16. N2b3 Nxb3 17. Nxb3 Ra8 18. Bb5 Rd8 19. a4 Bd7 20. Ke2 f6 21.
Kf3 Nb6 22. Rhd1 Bxb5 23. axb5 Rxd1 24. Rxd1 Nc4 25. Ra1 Rd8 26. exf6 gxf6 27.
Bd4 Rd5 28. Ra4 Rxb5 29. Rxc4 Rxb3+ 30. Ke2 e5 31. Rc7 Kf8 32. Be3 b5 33. Kd2
b4 34. Kc2 Ra3 35. Kb2 Rd3 36. g4 Ke8 37. Kc2 Rd7 38. Rc6 Rd6 39. Rc7 Kd8 40.
Ra7 Rd7 41. Ra8+ Kc7 42. Ra6 Kb7 43. Rb6+ Kc8 44. Rc6+ Rc7 45. Rxc7+ Kxc7 46.
Kb3 Kd7 47. Bd2 Ke6 48. Kc4 b3 49. Kxb3 Kd5 50. Be3 Ke4 51. Kc4 Bd8 52. Kc5 Kf3
53. h3 Ba5 54. Kd6 Bc3 55. Kd5 Bb2 56. g5 fxg5 57. Bxg5 e4 58. Be3 Bf6 59. Ke6
Bh4 60. Kd5 Be7 61. Ke6 Bd8 62. Kf5 Bh4 63. Bc5 h6 64. Be3 h5 65. Bc5 Bd8 66.
Kg6 Kg2 1/2-1/2

[Event "MCRE_KT19"]
[Site "?"]
[Date "2006.??.??"]
[Round "?"]
[White "Cernovsky, Karel"]
[Black "Cipka, Ivan"]
[Result "1-0"]
[WhiteElo "1600"]
[BlackElo "2000"]
[PlyCount "81"]
[EventDate "2006.??.??"]
[EventType "corr"]
[EventRounds "2"]
[SourceDate "2007.07.09"]

1. e4 e5 2. Nf3 Nf6 3. Nxe5 d6 4. Nf3 Nxe4 5. d4 d5 6. Bd3 Bd6 7. O-O O-O 8. c4
c6 9. cxd5 cxd5 10. Nc3 Re8 11. Re1 Nxc3 12. Rxe8+ Qxe8 13. bxc3 Bg4 14. h3 Bh5
15. Bd2 Qe7 16. Rb1 Nc6 17. Qb3 Bxf3 18. gxf3 Qe6 19. Kg2 Ne7 20. Qxb7 Rd8 21.
Re1 Qf6 22. Be3 Rb8 23. Qxa7 Ng6 24. f4 Bxf4 25. Kf1 Nf8 26. Qa5 Rb2 27. Re2
Bxe3 28. Rxb2 Qf3 29. Qb5 Bc1 30. Rc2 Ba3 31. Ke1 Qxh3 32. Bf1 Qf3 33. Qb3 Be7
34. a4 Bh4 35. Qb5 Qe4+ 36. Kd1 Bg5 37. a5 Qg4+ 38. Re2 Qf3 39. Kc2 Qf5+ 40.
Kb2 Qg4 41. a6 1-0

[Event "MCRE_KT19"]
[Site "?"]
[Date "2006.??.??"]
[Round "?"]
[White "Cipka, Ivan"]
[Black "Cernovsky, Karel"]
[Result "1/2-1/2"]
[WhiteElo "2000"]
[BlackElo "1600"]
[PlyCount "87"]
[EventDate "2006.??.??"]
[EventType "corr"]
[EventRounds "2"]
[SourceDate "2007.07.09"]

1. e4 e5 2. Nf3 Nc6 3. Bb5 a6 4. Ba4 Nf6 5. O-O Be7 6. Re1 b5 7. Bb3 O-O 8. c3
d6 9. h3 Na5 10. Bc2 c5 11. d4 Qc7 12. Nbd2 cxd4 13. cxd4 Bb7 14. d5 Rac8 15.
Bd3 Nd7 16. Nf1 f5 17. Ng3 f4 18. Nf5 Bd8 19. b3 g6 20. Nh6+ Kg7 21. Ng4 h5 22.
Ngh2 Qb6 23. Re2 Nc5 24. Bc2 Nd7 25. Bd2 Rc7 26. Bd3 Bc8 27. Qe1 Nb7 28. b4 Bf6
29. Bc3 Nb8 30. h4 Bd7 31. Rc2 Rfc8 32. Rac1 Nd8 33. Kh1 Nf7 34. Qf1 Nh6 35.
Kg1 Bg4 36. Qe2 Bd7 37. Qd2 Nf7 38. Qd1 Kh7 39. Qe2 Kg7 40. a3 Be8 41. Nf1 Bd7
42. Qd2 Qa7 43. N1h2 Be8 44. Bb2 1/2-1/2

[Event "MCRE_KT19"]
[Site "?"]
[Date "2006.??.??"]
[Round "?"]
[White "Cipka, Ivan"]
[Black "Slechta, Vladimir"]
[Result "1-0"]
[WhiteElo "2000"]
[BlackElo "2043"]
[PlyCount "107"]
[EventDate "2006.??.??"]
[EventType "corr"]
[EventRounds "2"]
[SourceDate "2007.07.09"]

1. e4 e5 2. Nf3 Nf6 3. d4 Nxe4 4. Bd3 d5 5. Nxe5 Nd7 6. Nxd7 Bxd7 7. O-O Qh4 8.
c4 O-O-O 9. c5 g6 10. Be3 Bg7 11. Nd2 Nxd2 12. Qxd2 Rde8 13. b4 Kb8 14. Be2 f5
15. Bf3 Bb5 16. Rfe1 Bc4 17. Bf4 Qd8 18. a4 h6 19. Rad1 Bb3 20. Rb1 Rxe1+ 21.
Rxe1 Bxa4 22. Be5 Bxe5 23. Rxe5 Bc6 24. h3 a6 25. Re6 g5 26. Re5 Qd7 27. Qe3 g4
28. Be2 f4 29. Qxf4 gxh3 30. Bg4 h2+ 31. Kxh2 Qg7 32. Be6 Re8 33. Bh3 Rh8 34.
Rf5 Rh7 35. Rf8+ Ka7 36. Qf6 Qxf6 37. Rxf6 a5 38. bxa5 Ka6 39. Bf5 Rh8 40. Kg3
Kxa5 41. Kf4 h5 42. Ke5 h4 43. Rf7 Rg8 44. Bh3 Re8+ 45. Be6 Rg8 46. Rxc7 Rxg2
47. f4 Re2+ 48. Kd6 Rf2 49. f5 h3 50. Rh7 h2 51. Rh6 Kb4 52. Ke7 Re2 53. f6 Be8
54. Kd6 1-0